Aeroklub Šurany

Gespeichert in:
Bibliographische Detailangaben
1. Verfasser: Ogurčák, Dominik, 1991- (Verfasst von)
Weitere Verfasser: Gürtler, Ivan, 1942- (Betreuung Doktorarbeit)
Format: Manuskript Buch
Sprache:Slowakisch
Veröffentlicht: Bratislava : STU v Bratislave SvF, 2014
Schlagworte:
Online-Zugang:VAIS
https://opac.crzp.sk/?fn=detailBiblioForm&sid=CBD6E88493DC1C70E8773E276299
Tags: Tag hinzufügen
Keine Tags, Fügen Sie das erste Tag hinzu!

MARC

LEADER 00000ntm a22000003a 4500
001 stu297263
005 20231003113004.4
008 140919s2014----xo------------------slo-d
040 |a STU  |b slo 
041 0 |a slo 
044 |a xo 
100 1 |a Ogurčák, Dominik,  |d 1991-  |4 aut  |u V  |T SvF Stavebná fakulta  |X 7695  |U V  |Y 10  |7 A000007695 
242 0 0 |a Aeroclub Šurany  |y eng 
245 1 |a Aeroklub Šurany 
260 |a Bratislava :  |b STU v Bratislave SvF,  |c 2014 
650 7 |a reštaurácia  |2 stusub 
650 7 |a hotel  |2 stusub 
650 7 |a letisko  |2 stusub 
650 7 |a pozemné stavby a architektúra  |2 stusub 
700 1 |a Gürtler, Ivan,  |d 1942-  |4 ths  |u A1110  |U FAD Fakulta architektúry  |T FA Ústav architektúry obytných budov  |U A1110  |Y 392 
856 4 |a info a plný text  |u http://is.stuba.sk/zp/portal_zp.pl?podrobnosti=80784  |3 VAIS 
856 4 |a CRZP  |u https://opac.crzp.sk/?fn=detailBiblioForm&sid=CBD6E88493DC1C70E8773E276299